Introduction to chemistry for biology students / (Record no. 136)

MARC details
000 -LEADER
fixed length control field 00441cam a2200157 a 4500
020 ## - INTERNATIONAL STANDARD BOOK NUMBER
ISBN 0805330755
050 00 - CALL NUMBER
Classification number QD33.2
Item number .Sa1 SAC
100 1# - AUTHOR
Personal name Sackheim, George I.
245 10 - TITLE
Title Introduction to chemistry for biology students /
Statement of responsibility, etc George I. Sackheim.
250 ## - EDITION
Edition statement 7th ed.
260 ## - PUBLICATION INFORMATION
Place of publication San Francisco :
Name of publisher Benjamin/Cummings,
Year of publication c2002.
300 ## - DESCRIPTION
Number of Pages viii, 301 p. :
Other physical details ill. ;
Dimensions 24 cm.
500 ## - NOTES
General note Includes index.
650 #0 - SUBJECTS
Topical Term Chemistry
942 ## - ADDED ENTRY ELEMENTS (KOHA)
Koha item type Books
Holdings
Withdrawn status Lost status Home library Current library Date acquired Full call number Accession Number Koha item type
    Methodist University Library Wenchi Faculty Methodist University Library Wenchi Faculty 13/10/2017 QD33.2 .Sa1 SAC 2689 Books
    Methodist University Library Wenchi Faculty Methodist University Library Wenchi Faculty 02/03/2020 QD33.2 .Sa1 SAC 2690 Books
Copyright © 2026  MUG Library